Málaga CF Squad 2025-2026 - Statistics

General Stats
  • This quiz has been taken 39 times
    18 since last reset
  • The average score is 24 of 29
Answer Stats
# Position Nation Player % Correct
1 GK Spain Alfonso Herrero
100%
9 FW Spain Chupe
100%
22 MF Spain Dani Lorenzo
100%
10 FW Spain David Larrubia
100%
11 FW Spain Joaquín Muñoz
100%
21 FW Spain Adrián Niño
89%
12 MF Spain Carlos Dotor
89%
3 DF Spain Carlos Puga
89%
5 MF Serbia Darko Brašanac
89%
4 DF Spain Einar Galilea
89%
- Coach Spain Juan Funes
89%
37 MF Spain Rafa Rodríguez
89%
35 MF Ireland Aarón Ochoa
78%
13 GK Spain Carlos López
78%
18 DF Spain Dani Sánchez
78%
16 DF Spain Diego Murillo
78%
17 FW Spain Eneko Jauregi
78%
23 MF Spain Izan Merino
78%
20 DF Spain Javi Montero
78%
25 FW Spain Josué Dorrio
78%
6 MF Spain Ramón Enríquez
78%
- Coach Spain Sergio Pellicer
78%
7 FW Morocco Haitam Abaida
67%
2 DF Spain Jokin Gabilondo
67%
8 MF Spain Juanpe
67%
24 FW Spain Julen Lobete
67%
19 MF Spain Luismi Sánchez
67%
15 DF Mali Moussa Diarra
67%
14 DF Spain Víctor García
56%
No matching quizzes found
Score Distribution
Percent of People with Each Score
Percentile by Number Answered
Your Score History
You have not taken this quiz since the last reset